|
|
|
|
| LEADER |
00729cam a2200241 7i4500 |
| 001 |
0000034873 |
| 005 |
20180212090000.0 |
| 007 |
##ta |
| 008 |
180212 |
| 020 |
# |
# |
|a 9781944835163
|
| 040 |
# |
# |
|a MATR
|
| 090 |
0 |
0 |
|a I 338.7
|b REA
|
| 245 |
0 |
0 |
|a Readiness for the Future of Production Report 2018.
|
| 264 |
# |
4 |
|a ♭2018.
|
| 264 |
# |
1 |
|a Geneva:
|b World Economic Forum,
|c 2018.
|
| 300 |
# |
# |
|a x, 253 pages:
|b illustrations;
|c 28 cm.
|
| 336 |
# |
# |
|a text
|2 rdacontent
|
| 337 |
# |
# |
|a unmediated
|2 rdamedia
|
| 338 |
# |
# |
|a volume
|2 rdacarrier
|
| 650 |
# |
0 |
|a Productions
|
| 651 |
# |
0 |
|a Industrial productions
|
| 999 |
|
|
|a B000040144
|b Book
|c International
|e Business Information Centre
|
| 999 |
|
|
|a 0000040141
|b Book
|c International
|e Business Information Centre
|